000
00273nam a2200133Ia 4500
008
231017s9999 xx 000 0 und d
082
_a
625.7
082
_b
AAS
245
0
_a
Rough roads ahead
245
0
_c
AASHTO
260
_b
AASHTO
300
_c
30cm
942
_c
REP
999
_c
605757
_d
605757